| 000 | 00498nam a2200157 i 4500 | ||
|---|---|---|---|
| 001 | 104632 | ||
| 003 | ES-MaACL | ||
| 005 | 20230906183643.0 | ||
| 007 | t| | ||
| 008 | 051202s1981 sp ||||1| spa d | ||
| 110 | 1 |
_aEspaña. _bMinisterio de Educación y Ciencia. _93864 |
|
| 245 | 1 | 0 | _aPresupuestos de los Organismos Autónomos del Ministerio de Educación y Ciencia para el año 1981. |
| 260 |
_aMadrid : _b[s.n.], _c1981. |
||
| 300 |
_a66 p. ; _c31 cm. |
||
| 852 |
_aES-MaACL _jL-850 _bR.101801 |
||
| 999 |
_c104632 _d104632 |
||